Debat Interacció 19 : un mandat per a la cultura un mandat per a la cultura
Descripción Física:
15 pàgines ; 21 cm
Idioma:
Catalán
MARC
| LEADER | 00000nam a22000007a 4500 | ||
|---|---|---|---|
| 001 | 25984 | ||
| 008 | 220617b spa||||| |||| 00| 0 cat d | ||
| 017 | |a DL B 25748-2019 | ||
| 080 | |a FU-71-2 | ||
| 245 | |a Debat Interacció 19 : |b un mandat per a la cultura | ||
| 260 | |a [Barcelona] : |b Diputació de Barcelona, |c 2019 | ||
| 300 | |a 15 pàgines ; |c 21 cm | ||
| 651 | 0 | |a Barcelona (Catalunya : Província) |x Política cultural |9 53523 | |
| 710 | 1 | |9 53123 |a Barcelona (Catalunya : Província). |b Oficina d'Estudis i Recursos Culturals | |
| 942 | |2 udc |c ARXIU |n 1 | ||
| 952 | |0 0 |1 0 |4 0 |6 FU712 |7 1 |9 62449 |a Arxiu |b Arxiu |d 2022-06-17 |l 0 |o FU-71-2 |p 25984 |r 2022-06-17 00:00:00 |w 2022-06-17 |y ARXIU | ||
| 999 | |c 82086 |d 82086 | ||